International journal of human-computer studies
Αποθηκεύτηκε σε:
| Άλλοι συγγραφείς: | |
|---|---|
| Μορφή: | Περιοδική έκδοση |
| Γλώσσα: | English |
| Δημοσίευση: |
London :
Academic Press,
[1969-
|
| Θέματα: | |
| Ετικέτες: |
Προσθήκη ετικέτας
Δεν υπάρχουν, Καταχωρήστε ετικέτα πρώτοι!
|
MARC
| LEADER | 00000nas a2200000 i 4500 | ||
|---|---|---|---|
| 001 | 1/17531 | ||
| 008 | 010222c19699999uk eng d | ||
| 022 | |a 10715819 | ||
| 035 | |l 10066172 | ||
| 040 | |a GR-MY-UA |b gre |e aacr | ||
| 041 | 0 | |a eng |b eng | |
| 082 | 0 | |a 004.019 |2 (21) | |
| 245 | 1 | 0 | |a International journal of human-computer studies |h [περιοδικό] / |c Editor: B. R. Gaines |
| 246 | 3 | 3 | |a Human-computer studies |
| 260 | |a London : |b Academic Press, |c [1969- | ||
| 300 | |a τ.; |b εικ.; |c 25 εκ. | ||
| 310 | |a Μηνιαίο | ||
| 500 | |a Η περιγραφή βασίζεται σε: Vol. 52 no 1 (Jan. 2000) | ||
| 500 | |a Στη βιβλιοθήκη υπάρχουν: Vol. 52 no 1 (Jan. 2000) - Vol. 57 no 6 (Dec. 2002) | ||
| 500 | |a Απερρόφησε: Knowledge acquisition 1995 1042-8143 | ||
| 650 | 0 | 0 | |a Human-machine systems |x Periodicals. |
| 650 | 0 | 0 | |a Systems engineering |x Periodicals. |
| 650 | 0 | 0 | |a Human engineering |x Periodicals. |
| 700 | 1 | |a Gaines, Brian R. |4 edt | |
| 853 | |a INST |b SYROS |c SER | ||
| 922 | |a 5ΕΛΗ |b 200102 |c ΚΕΝΤΡΙΚΗ ΒΙΒΛΙΟΘΗΚΗ |d SWETS | ||
| 970 | |a ΚΟΝΤΟΥ |b ΠΑΡΑΣΚΕΥΗ |z 20010222 | ||